Alfileres (Record no. 185290)

MARC details
000 -LEADER
campo de control de longitud fija 00919nam a2200241 i 4500
001 - NÚMERO DE CONTROL
campo de control 185290
003 - IDENTIFICADOR DE NÚMERO DE CONTROL
campo de control SpMaBN
005 - FECHA Y HORA DE LA ÚLTIMA TRANSACCIÓN
campo de control 20231218201342.0
008 - DATOS DE LONGITUD FIJA--INFORMACIÓN GENERAL
campo de control de longitud fija 160509s2014 sp |||| | spa d
080 ## - NÚMERO DE LA CLASIFICACIÓN DECIMAL UNIVERSAL
Número de la Clasificación Decimal Universal 821.134.2-1"19"
100 1# - ENTRADA PRINCIPAL--NOMBRE DE PERSONA
Nombre de persona Escudero, Isabel,
Fechas asociadas al nombre 1944-2017
9 (RLIN) 47684
245 10 - MENCIÓN DEL TÍTULO
Título Alfileres
Resto del título : coplas libertarias /
Mención de responsabilidad, etc. Isabel Escudero ; [selección, Nieves Muriel, Jorge Pérez y Virginia López Graña].
250 ## - MENCION DE EDICION
Mención de edición coed. de: La Cotali.
260 ## - PUBLICACIÓN, DISTRIBUCIÓN, ETC.
Lugar de publicación, distribución, etc. [Madrid] ;
-- Granada ;
-- Sevilla :
Nombre del editor, distribuidor, etc. Cooperativa de trabajadores anónimos del libro,
Fecha de publicación, distribución, etc. 2014.
300 ## - DESCRIPCIÓN FÍSICA
Extensión 108 , III p. ;
Dimensiones 16 cm.
490 1# - MENCIÓN DE SERIE
Mención de serie Cancionero ;
Designación de volumen o secuencia 2
504 ## - NOTA DE BIBLIOGRAFÍA, ETC.
Nota de bibliografía, etc. Bibliografía: p. III.
830 0# - PUNTO DE ACCESO ADICIONAL DE SERIE-TÍTULO UNIFORME
Título uniforme Cancionero ;
Designación de volumen o secuencia 2
9 (RLIN) 225185
852 ## - LOCALIZACIÓN
Ubicación ES-MaACL
Número de control de estantería A-13741
itemnumber 192313
Sublocalización o colección R.150358
Ubicación en estantería Depósito 1
Signatura antigua Olim: N-6741
Donativo/Legado Donación: Isabel Escudero
903 ## - NOMBRE PERSONAL DE DONANTE
a Escudero, Isabel,
d 1944-2017
e Donante
9 47684
942 ## - ELEMENTOS DE ENTRADA SECUNDARIOS (KOHA)
Fuente del sistema de clasificación o colocación Clasificación decimal universal
Tipo de ítem Koha Libro impreso
Holdings
Estatus retirado Estado de pérdida Fuente del sistema de clasificación o colocación Estado de daño No para préstamo Biblioteca de origen Biblioteca actual Ubicación en estantería Fecha de adquisición Fuente de adquisición Total de préstamos Signatura topográfica completa Código de barras Visto por última vez Precio de reemplazo Tipo de ítem Koha
    Clasificación decimal universal     Biblioteca del Ateneo de Madrid Biblioteca del Ateneo de Madrid Depósito 1 09/05/2016 Donación   A-13741 1195216 23/02/2023 23/02/2023 Libro impreso